Podnikové stratégie v kreatívnych odvetviach v kontexte paradigmy profesie manažér

Paradigma profesie manažér. Dôležité vedomosti a schopnosti manažéra. Základné funkcie manažéra podľa P.F. Druckera. Podnikové stratégie v kontexte inovácií a inteligentného rastu. Inovačná stratégia. Stratégia modernizácie, nepatrných zmien, konkurencie.

Enregistré dans:
Détails bibliographiques
Auteur principal: Kovalev, Andrej
Format: Chapitre de livre
Langue:slovaque
Sujets:
Tags: Ajouter un tag
Pas de tags, Soyez le premier à ajouter un tag!

MARC

LEADER 00000naa$a2200000$$$4500
001 0260962
005 20240502074136.7
041 0 |a slo 
044 |a SK 
245 1 0 |a Podnikové stratégie v kreatívnych odvetviach v kontexte paradigmy profesie manažér  |c Andrej Kovalev 
520 |a Paradigma profesie manažér. Dôležité vedomosti a schopnosti manažéra. Základné funkcie manažéra podľa P.F. Druckera. Podnikové stratégie v kontexte inovácií a inteligentného rastu. Inovačná stratégia. Stratégia modernizácie, nepatrných zmien, konkurencie. 
610 2 0 |a manažéri 
610 2 0 |a riadenie 
610 2 0 |a riadenie strategické 
610 2 0 |a inovácia 
610 2 0 |a konkurencia 
100 1 |a Kovalev, Andrej